Whiteness : the communication of social identity

Αποθηκεύτηκε σε:
Λεπτομέρειες βιβλιογραφικής εγγραφής
Άλλοι συγγραφείς: Nakayama, Thomas K. (Επιμελητής έκδοσης), Martin, Judith N. (Επιμελητής έκδοσης)
Μορφή: Βιβλίο
Γλώσσα:English
Δημοσίευση: Thousand Oaks : Sage Publications, c1999
Θέματα:
Ετικέτες: Προσθήκη ετικέτας
Δεν υπάρχουν, Καταχωρήστε ετικέτα πρώτοι!

MARC

LEADER 00000nam a2200000 i 4500
001 1/13849
008 001129s1999 eng d
020 |a 0-7619-0863-3 
035 |l 10064774 
040 |a GR-MY-UA  |b gre  |e aacr 
041 0 |a eng 
082 0 |a 305.809  
245 1 0 |a Whiteness :  |b the communication of social identity /  |c Thomas K. Nakayama, Judith N. Martin, editors 
260 |a Thousand Oaks :   |b Sage Publications,   |c c1999 
300 |a xiv, 314 p. 
504 |a Includes bibliographical references and index 
650 0 0 |a Whites  |x Race identity. 
650 0 0 |a Whites  |x Communication. 
650 0 0 |a Race awareness. 
650 0 0 |a Intercultural communication. 
700 1 |a Nakayama, Thomas K.  |4 edt 
700 1 |a Martin, Judith N.  |4 edt 
852 |a INST  |b LESVOS  |e 20001129  |h 305.809 WHI  |p 005100029497  |q 005100029497  |t BK  |y 0 
901 |a BIBL1-2000-3 
909 |a Λ  |b 082767 
922 |a 1ΕΛΗ  |b 200011  |c ΤΑΚ/ΠΤΕ  |d ΜΙΧΑΛΟΠΟΥΛΟΣ 
950 |a 185-2000-09-13 
970 |a ΤΖΑΦΕΡΗ  |b ΕΥΑΓΓΕΛΙΑ  |z 2000/12/01